[Event "Mistrzostwa Polski Niewidomych"]
[Site "Warszawa"]
[Date "2013.04.26"]
[Round "5"]
[White "Stachanczyk, Jacek"]
[Black "Migala, Andrzej"]
[Result "1/2-1/2"]
[WhiteElo "2241"]
[BlackElo "2063"]
[Annotator "Admin"]
[PlyCount "60"]
[EventDate "2013.04.22"]
[EventType "tourn"]
[EventRounds "1"]
[EventCountry "POL"]
[SourceDate "2013.04.22"]

1. e4 c5 2. Nf3 d6 3. d4 cxd4 4. Nxd4 Nf6 5. Nc3 a6 6. Bg5 e6 7. f4 Be7 8. Qf3
Qa5 9. O-O-O Bd7 10. Kb1 Nc6 11. Nb3 Qc7 12. g4 h6 13. Bxf6 Bxf6 14. h4 O-O-O
15. Qd3 Be8 16. Qe3 Kb8 17. Be2 Na5 18. Nxa5 Qxa5 19. g5 hxg5 20. hxg5 Rxh1 21.
Rxh1 Bxc3 22. Qxc3 Qxc3 23. bxc3 g6 24. Rh7 Rc8 25. Kb2 Rc5 26. Rh8 Rc8 27. Rh7
Rc5 28. Bd3 Kc8 29. Kb3 a5 30. Rh8 Kd8 $11 1/2-1/2

[Event "Mistrzostwa Polski Niewidomych"]
[Site "Warszawa"]
[Date "2013.04.26"]
[Round "5"]
[White "Wojcieszyn, Zdzislaw"]
[Black "Zoltek, Tadeusz"]
[Result "1/2-1/2"]
[WhiteElo "1995"]
[BlackElo "2183"]
[PlyCount "75"]
[EventDate "2013.04.22"]
[EventType "tourn"]
[EventRounds "1"]
[EventCountry "POL"]
[SourceDate "2013.04.22"]

1. c4 c5 2. Nc3 Nc6 3. g3 g6 4. Bg2 Bg7 5. Nf3 d6 6. O-O e5 7. d3 Nge7 8. Bg5
f6 9. Bd2 O-O 10. Ne1 Be6 11. Nc2 d5 12. cxd5 Nxd5 13. Ne3 Nde7 14. Nc2 Qd7 15.
Re1 Rad8 16. Be3 b6 17. Qc1 Nd4 18. b3 Nxc2 19. Qxc2 f5 20. Bg5 h6 21. Bxe7
Qxe7 22. Rad1 Rd7 23. Bc6 Rd6 24. Bg2 a6 25. Na4 Qa7 26. Rc1 Rfd8 27. Rcd1 Bf7
28. Nb2 b5 29. Rc1 e4 30. Bf1 Qe7 31. Qb1 f4 32. dxe4 fxg3 33. hxg3 Bxb2 34.
Qxb2 Qxe4 35. Qc2 Qxc2 36. Rxc2 c4 37. bxc4 Bxc4 38. e3 1/2-1/2

[Event "Mistrzostwa Polski Niewidomych"]
[Site "Warszawa"]
[Date "2013.04.26"]
[Round "5"]
[White "Gunajew, Rafal"]
[Black "Suder, Ryszard"]
[Result "1/2-1/2"]
[WhiteElo "2280"]
[BlackElo "2133"]
[Annotator "Admin"]
[PlyCount "95"]
[EventDate "2013.04.22"]
[EventType "tourn"]
[EventRounds "1"]
[EventCountry "POL"]
[SourceDate "2013.04.22"]

1. e4 d6 2. d4 Nf6 3. Nc3 g6 4. f4 Bg7 5. Nf3 O-O 6. Bd3 Na6 7. e5 dxe5 8. dxe5
Nd5 9. Nxd5 Qxd5 10. Qe2 Bf5 11. Bxf5 gxf5 12. O-O c5 13. c4 Qc6 14. Be3 Rad8
15. Rad1 b6 16. a3 f6 17. Rxd8 Rxd8 18. Rd1 Rd7 19. Kf2 Nb8 20. Bd2 Qe4 21. Bc3
Qxe2+ 22. Kxe2 Rxd1 23. Kxd1 fxe5 24. fxe5 Nc6 25. b4 Kf8 26. Kc2 Ke8 27. Kd3
Bh6 28. b5 Nd8 29. Nh4 e6 30. a4 Nf7 $11 31. Nf3 Ng5 32. Nxg5 Bxg5 33. g3 Bh6
34. a5 Bg5 35. a6 Kf7 36. Ke2 Kg6 37. Kf3 Bd8 38. Bd2 Be7 39. Be3 Bd8 40. h3
Be7 41. g4 fxg4+ 42. hxg4 h5 43. gxh5+ Kxh5 44. Ke4 Kg4 45. Bh6 Kh5 46. Bd2 Bd8
47. Be1 Be7 48. Bf2 1/2-1/2

[Event "Mistrzostwa Polski Niewidomych"]
[Site "Warszawa"]
[Date "2013.04.26"]
[Round "5"]
[White "Kulpinski, Piotr"]
[Black "Mackowiak, Marek"]
[Result "0-1"]
[WhiteElo "2004"]
[BlackElo "2176"]
[PlyCount "80"]
[EventDate "2013.04.22"]
[EventType "tourn"]
[EventRounds "1"]
[EventCountry "POL"]
[SourceDate "2013.04.22"]

1. d4 d5 2. c4 c6 3. cxd5 cxd5 4. Nc3 Nf6 5. Bf4 e6 6. e3 a6 7. Bd3 Qa5 8. Qa4+
Qxa4 9. Nxa4 Nbd7 10. Nf3 b5 11. Nc3 Bb7 12. Rc1 Rc8 13. O-O Nh5 14. Ne2 Nxf4
15. Rxc8+ Bxc8 16. Nxf4 Bd6 17. Ne2 Bb7 18. Nd2 Ke7 19. f4 f5 20. Rc1 Nb6 21.
b3 Rc8 22. Rxc8 Bxc8 23. Kf2 Nd7 24. g4 Bb4 25. Nb1 Nf6 26. gxf5 exf5 27. Kf3
Ne4 28. Ng3 Be1 29. Nf1 Kf6 30. Ke2 Ba5 31. Nfd2 Bxd2 32. Bxe4 Bxe3 33. Kxe3
fxe4 34. Nc3 Be6 35. Kf2 b4 36. Nd1 Bd7 37. Ne3 Ke6 38. Nc2 a5 39. a3 a4 40.
axb4 axb3 0-1

[Event "Mistrzostwa Polski Niewidomych"]
[Site "Warszawa"]
[Date "2013.04.26"]
[Round "5"]
[White "Pawelec, Bartosz"]
[Black "Sargalski, Andrzej"]
[Result "1-0"]
[WhiteElo "2023"]
[BlackElo "1907"]
[PlyCount "47"]
[EventDate "2013.04.22"]
[EventType "tourn"]
[EventRounds "1"]
[EventCountry "POL"]
[SourceDate "2013.04.22"]

1. e4 e5 2. Nf3 Nc6 3. Bb5 Bc5 4. O-O Nge7 5. Nxe5 Nxe5 6. d4 Bb6 7. dxe5 Ng6
8. Kh1 a6 9. Ba4 Nxe5 10. f4 Nc6 11. Nc3 d6 12. Qh5 Bd7 13. Bb3 Qf6 14. Nd5 Qg6
15. Qh4 Qg4 16. Qxg4 Bxg4 17. f5 f6 18. Nf4 Nd4 19. Ba4+ c6 20. Be3 Bc5 21.
Bxd4 Bxd4 22. h3 g5 23. Ne6 Be2 24. Rfe1 1-0

[Event "Mistrzostwa Polski Niewidomych"]
[Site "Warszawa"]
[Date "2013.04.26"]
[Round "5"]
[White "Falkowski, Dawid"]
[Black "Dukaczewski, Piotr"]
[Result "1-0"]
[WhiteElo "1993"]
[BlackElo "2251"]
[PlyCount "117"]
[EventDate "2013.04.22"]
[EventType "tourn"]
[EventRounds "1"]
[EventCountry "POL"]
[SourceDate "2013.04.22"]

1. e4 c5 2. Nf3 a6 3. d4 cxd4 4. Nxd4 Nf6 5. Nc3 e5 6. Nf3 Bb4 7. Bc4 O-O 8.
O-O d6 9. Nd5 Nxd5 10. Bxd5 Nc6 11. c3 Bc5 12. b4 Ba7 13. Qb3 Bg4 14. Nd2 Qh4
15. Nc4 Be2 16. Be3 Bxf1 17. Rxf1 Qe7 18. a4 Bxe3 19. fxe3 g6 20. Nb6 Rab8 21.
Bc4 Kg7 22. Nd5 Qh4 23. Nf6 Qg5 24. Rf3 Rbd8 25. Bd5 Qh4 26. Qd1 Qxf6 27. Rxf6
Kxf6 28. Qf1+ Ke7 29. Bxc6 bxc6 30. Qxa6 Rc8 31. c4 Ke6 32. a5 f5 33. exf5+
gxf5 34. b5 cxb5 35. Qxb5 Rc5 36. Qb6 Rxc4 37. a6 Rc1+ 38. Kf2 Ra1 39. Qb7 Rf7
40. Qc8+ Rd7 41. Qe8+ Re7 42. Qc8+ Kd5 43. Qc3 Rh1 44. Qa5+ Ke6 45. a7 Rxa7 46.
Qxa7 Rxh2 47. Kg1 Rh4 48. Qa2+ Kf6 49. Qd5 Ke7 50. Qb7+ Kf6 51. Qd7 Kg5 52.
Qe7+ Kh5 53. g3 Re4 54. Qxh7+ Kg5 55. Kf2 Kf6 56. Qd7 Kg6 57. Qxd6+ Kf7 58. Kf3
Kg7 59. Qe6 1-0

[Event "Mistrzostwa Polski Niewidomych"]
[Site "Warszawa"]
[Date "2013.04.27"]
[Round "6"]
[White "Migala, Andrzej"]
[Black "Dukaczewski, Piotr"]
[Result "1/2-1/2"]
[WhiteElo "2063"]
[BlackElo "2251"]
[Annotator "Admin"]
[PlyCount "81"]
[EventDate "2013.04.22"]
[EventType "tourn"]
[EventRounds "1"]
[EventCountry "POL"]
[SourceDate "2013.04.22"]

1. e4 c5 2. Nc3 g6 3. f4 Bg7 4. Nf3 Nc6 5. Bb5 Nd4 6. O-O Nxb5 7. Nxb5 d5 8. e5
d4 9. c3 a6 10. Na3 dxc3 11. dxc3 Qc7 12. c4 Nh6 13. b3 O-O 14. Bb2 Nf5 15. Qe1
Rd8 16. Nc2 b5 17. Ne3 Be6 18. Ng5 Bc8 19. Nd5 Qb7 20. Qf2 Rb8 21. Ba3 h6 22.
Ne4 g5 23. Nxc5 Qa7 24. Rae1 g4 25. Rd1 Kh8 26. Rfe1 h5 27. Bc1 bxc4 28. bxc4
Be6 29. Nxe6 Qxf2+ 30. Kxf2 fxe6 31. Nc7 $11 Rdc8 32. Nxe6 Rxc4 33. Be3 Rb2+
34. Re2 Rxe2+ 35. Kxe2 Ra4 36. Rd2 Kg8 37. g3 h4 38. gxh4 Nxh4 39. Nd4 Kf7 40.
Kf2 Ra3 41. Kg3 $11 1/2-1/2

[Event "Mistrzostwa Polski Niewidomych"]
[Site "Warszawa"]
[Date "2013.04.27"]
[Round "6"]
[White "Sargalski, Andrzej"]
[Black "Falkowski, Dawid"]
[Result "1/2-1/2"]
[WhiteElo "1907"]
[BlackElo "1993"]
[PlyCount "83"]
[EventDate "2013.04.22"]
[EventType "tourn"]
[EventRounds "1"]
[EventCountry "POL"]
[SourceDate "2013.04.22"]

1. e4 e5 2. Nf3 Nc6 3. Bc4 Nf6 4. d3 Bc5 5. O-O d6 6. h3 h6 7. Nc3 g5 8. Nh2
Nd4 9. Be3 Be6 10. Bb3 Qd7 11. Bxd4 Bxd4 12. Qf3 Nh7 13. Bxe6 Qxe6 14. Nd5
O-O-O 15. c3 Bb6 16. Nxb6+ axb6 17. Qg4 Rde8 18. Qxe6+ Rxe6 19. Ng4 Nf8 20. Ne3
Ng6 21. g3 h5 22. Kg2 Kd7 23. Rad1 Ne7 24. a3 Ra8 25. Rd2 Rg6 26. Kh2 Ra5 27.
f4 exf4 28. gxf4 f5 29. fxg5 fxe4 30. h4 exd3 31. Rxd3 Re5 32. Rf3 Rge6 33. Kh3
Ng6 34. Nd5 Re2 35. Nf6+ Kc6 36. Nxh5 R6e4 37. Kg3 Nxh4 38. Rf2 Ng6 39. Rxe2
Rxe2 40. Nf4 Re5 41. Kg4 Ne7 42. g6 1/2-1/2

[Event "Mistrzostwa Polski Niewidomych"]
[Site "Warszawa"]
[Date "2013.04.27"]
[Round "6"]
[White "Mackowiak, Marek"]
[Black "Pawelec, Bartosz"]
[Result "1-0"]
[WhiteElo "2176"]
[BlackElo "2023"]
[PlyCount "123"]
[EventDate "2013.04.22"]
[EventType "tourn"]
[EventRounds "1"]
[EventCountry "POL"]
[SourceDate "2013.04.22"]

1. c4 e5 2. Nc3 Nf6 3. g3 d5 4. cxd5 Nxd5 5. Bg2 Nb6 6. Nf3 Nc6 7. O-O Be7 8.
d3 Be6 9. Ne4 Nd5 10. d4 exd4 11. Nxd4 Nxd4 12. Qxd4 O-O 13. Nc5 Bxc5 14. Qxc5
c6 15. e4 Qb6 16. Qa3 Nb4 17. Be3 c5 18. Qc3 Rac8 19. a3 Na6 20. b4 Qb5 21.
bxc5 Nxc5 22. Qe5 Bc4 23. Rfb1 Qa5 24. Rb4 Rfe8 25. Qh5 Be6 26. Bd4 h6 27. Bf1
b6 28. Rb5 Qa4 29. Bxc5 bxc5 30. Rxc5 Qxe4 31. Re5 Qc2 32. Rae1 Red8 33. Bh3
Bxh3 34. Qxh3 Qc6 35. Qf5 Qd7 36. Qf3 Re8 37. Qe4 Rxe5 38. Qxe5 Qa4 39. Qe7 a5
40. h4 Qc4 41. Qd7 a4 42. Re3 Rb8 43. Kh2 h5 44. Rf3 Ra8 45. Qb7 Rd8 46. Qe7
Ra8 47. Rf4 Qd5 48. Qe4 Qd8 49. Qf5 Ra7 50. Qxh5 Qd3 51. Qc5 Rd7 52. Rxa4 Rd5
53. Qc4 Qd1 54. Ra8+ Kh7 55. Qe4+ f5 56. Qe8 Rd6 57. Qh8+ Kg6 58. Ra7 Qd4 59.
h5+ Kf6 60. Qxg7+ Ke6 61. Qf7+ Ke5 62. Re7+ 1-0

[Event "Mistrzostwa Polski Niewidomych"]
[Site "Warszawa"]
[Date "2013.04.27"]
[Round "6"]
[White "Suder, Ryszard"]
[Black "Kulpinski, Piotr"]
[Result "1-0"]
[WhiteElo "2133"]
[BlackElo "2004"]
[PlyCount "49"]
[EventDate "2013.04.22"]
[EventType "tourn"]
[EventRounds "1"]
[EventCountry "POL"]
[SourceDate "2013.04.22"]

1. Nf3 d5 2. d4 Nf6 3. c4 c6 4. Nc3 e6 5. Bg5 h6 6. Bxf6 Qxf6 7. Qc2 g6 8. cxd5
Bb4 9. dxc6 Nxc6 10. e3 O-O 11. Be2 Bd7 12. O-O Rac8 13. Rac1 g5 14. Qd3 g4 15.
Nd2 e5 16. d5 Ne7 17. a3 Ba5 18. b4 Bd8 19. Nde4 Qg7 20. Nc5 Bf5 21. e4 Bh7 22.
Qg3 b6 23. Nd7 f5 24. Nxf8 Kxf8 25. d6 1-0

[Event "Mistrzostwa Polski Niewidomych"]
[Site "Warszawa"]
[Date "2013.04.27"]
[Round "6"]
[White "Zoltek, Tadeusz"]
[Black "Gunajew, Rafal"]
[Result "0-1"]
[WhiteElo "2183"]
[BlackElo "2280"]
[PlyCount "106"]
[EventDate "2013.04.22"]
[EventType "tourn"]
[EventRounds "1"]
[EventCountry "POL"]
[SourceDate "2013.04.22"]

1. Nf3 d5 2. d4 c6 3. c4 Nf6 4. Nc3 a6 5. e3 Bg4 6. h3 Bxf3 7. Qxf3 b5 8. cxd5
cxd5 9. Bd3 e6 10. O-O Nbd7 11. e4 b4 12. Ne2 dxe4 13. Bxe4 Nxe4 14. Qxe4 Be7
15. Bf4 O-O 16. Be5 Nb6 17. Nf4 Nc4 18. Qe2 Rc8 19. Rac1 Nxe5 20. Rxc8 Qxc8 21.
dxe5 Rd8 22. Rd1 Rxd1+ 23. Qxd1 Qc4 24. g3 Qxa2 25. b3 Qa5 26. Qd7 Bf8 27. Nxe6
fxe6 28. Qxe6+ Kh8 29. Qe8 Qc5 30. Qf7 Qe7 31. Qd5 h6 32. h4 g6 33. Kg2 Kg7 34.
f4 Qc5 35. Qb7+ Be7 36. Qxa6 Qc2+ 37. Kh3 Qxb3 38. h5 Qb1 39. Qb7 Qf1+ 40. Kh2
Qe2+ 41. Kg1 Qd1+ 42. Kg2 Qd8 43. hxg6 Kxg6 44. Qe4+ Kg7 45. f5 Bf8 46. f6+ Kh8
47. Qf3 Qd2+ 48. Kh3 Qd7+ 49. Kg2 Qe6 50. Qa8 Kg8 51. Qb8 Qd7 52. Kf3 Kf7 53.
g4 Bc5 0-1

[Event "Mistrzostwa Polski Niewidomych"]
[Site "Warszawa"]
[Date "2013.04.27"]
[Round "6"]
[White "Stachanczyk, Jacek"]
[Black "Wojcieszyn, Zdzislaw"]
[Result "0-1"]
[WhiteElo "2241"]
[BlackElo "1995"]
[PlyCount "96"]
[EventDate "2013.04.22"]
[EventType "tourn"]
[EventRounds "1"]
[EventCountry "POL"]
[SourceDate "2013.04.22"]

1. e4 c5 2. Nf3 Nc6 3. Nc3 g6 4. d4 cxd4 5. Nxd4 Bg7 6. Be3 d6 7. Qd2 Nf6 8. f3
Qa5 9. O-O-O Bd7 10. Kb1 Rc8 11. g4 Ne5 12. g5 Nh5 13. Nb3 Qd8 14. Bxa7 Nxf3
15. Qe3 Rxc3 16. bxc3 Qa8 17. Be2 Ne5 18. Bd4 O-O 19. c4 Qa4 20. Bb2 Be6 21.
Rd5 Ra8 22. a3 Bxd5 23. cxd5 Nc4 24. Bxc4 Bxb2 25. Kxb2 Qxc4 26. Qd4 Qe2 27.
Qb4 Rc8 28. Qd2 Qxe4 29. Re1 Rxc2+ 30. Qxc2 Qxe1 31. Qc8+ Kg7 32. Qxb7 Qe5+ 33.
Kb1 Nf4 34. Qb4 Nxd5 35. Qd4 Qxd4 36. Nxd4 f5 37. gxf6+ Kxf6 38. Kc2 e5 39. Nb5
Ke6 40. Kd3 Nb6 41. Nc3 d5 42. a4 Nc4 43. Ke2 g5 44. h3 e4 45. Kf2 Ke5 46. Ne2
d4 47. Nc1 Na5 48. Ke2 Kd5 0-1

[Event "Mistrzostwa Polski Niewidomych"]
[Site "Warszawa"]
[Date "2013.04.28"]
[Round "7"]
[White "Wojcieszyn, Zdzislaw"]
[Black "Migala, Andrzej"]
[Result "1/2-1/2"]
[WhiteElo "1995"]
[BlackElo "2063"]
[Annotator "Admin"]
[PlyCount "61"]
[EventDate "2013.04.22"]
[EventType "tourn"]
[EventRounds "1"]
[EventCountry "POL"]
[SourceDate "2013.04.22"]

1. d4 d5 2. Nf3 Nf6 3. c4 c6 4. cxd5 cxd5 5. Nc3 a6 6. Bf4 Nc6 7. e3 Bf5 8. a3
e6 9. Bd3 Bxd3 10. Qxd3 Bd6 11. Bxd6 Qxd6 12. O-O O-O 13. Rfc1 Rac8 14. b4 Ne7
15. Ne2 h6 16. h3 Rxc1+ 17. Rxc1 Rc8 18. Rc3 Rxc3 19. Qxc3 Nd7 20. Nd2 Qc6 21.
Qxc6 Nxc6 22. Kf1 Kf8 23. Nc3 Ke7 24. Ke2 f5 25. f4 b5 26. g3 g6 27. h4 h5 28.
Nd1 Nf6 29. Nc3 Nd7 30. Nf3 Kd6 31. Kd3 $11 1/2-1/2

[Event "Mistrzostwa Polski Niewidomych"]
[Site "Warszawa"]
[Date "2013.04.28"]
[Round "7"]
[White "Gunajew, Rafal"]
[Black "Stachanczyk, Jacek"]
[Result "1/2-1/2"]
[WhiteElo "2280"]
[BlackElo "2241"]
[Annotator "Admin"]
[PlyCount "61"]
[EventDate "2013.04.22"]
[EventType "tourn"]
[EventRounds "1"]
[EventCountry "POL"]
[SourceDate "2013.04.22"]

1. e4 e5 2. Nf3 Nc6 3. Nc3 Nf6 4. Bb5 Nd4 5. Nxd4 exd4 6. Nd5 Nxd5 7. exd5 Qe7+
8. Qe2 c6 9. Bc4 d6 10. c3 g6 11. cxd4 cxd5 12. Qxe7+ Kxe7 13. Bxd5 Bg7 14. d3
Bxd4 15. Be3 Bxe3 16. fxe3 Be6 17. Bf3 d5 18. Rc1 Rac8 19. Kd2 Kd6 20. b4 h5
21. h4 Bd7 22. g3 b6 23. a3 Rhe8 24. Rxc8 Rxc8 25. Bd1 Bf5 26. Rf1 Ke5 27. Bc2
Kd6 28. Rf4 Be6 29. Bb3 Rc7 30. Bc2 Rc8 31. Bb3 $11 1/2-1/2

[Event "Mistrzostwa Polski Niewidomych"]
[Site "Warszawa"]
[Date "2013.04.28"]
[Round "7"]
[White "Kulpinski, Piotr"]
[Black "Zoltek, Tadeusz"]
[Result "1/2-1/2"]
[WhiteElo "2004"]
[BlackElo "2183"]
[Annotator "Admin"]
[PlyCount "61"]
[EventDate "2013.04.22"]
[EventType "tourn"]
[EventRounds "1"]
[EventCountry "POL"]
[SourceDate "2013.04.22"]

1. d4 Nf6 2. Nf3 g6 3. c4 c5 4. Nc3 cxd4 5. Nxd4 Nc6 6. e4 Bg7 7. Be3 Ng4 8.
Qxg4 Nxd4 9. Qd1 Ne6 10. Qd2 Qa5 11. Rc1 g5 12. b3 Qe5 13. Qd5 Nf4 14. Qxe5
Bxe5 15. Nb5 Bb8 16. Nd4 Rg8 17. g3 Ne6 18. Nxe6 dxe6 19. h4 g4 20. Bf4 e5 21.
Be3 Bd7 22. Bd3 Bc6 23. O-O a6 24. Bb6 f6 25. Rfd1 Kf7 26. Bc2 Rc8 27. b4 Bc7
28. Be3 Rd8 29. a4 Bd7 30. b5 Ba5 31. Rd3 $11 1/2-1/2

[Event "Mistrzostwa Polski Niewidomych"]
[Site "Warszawa"]
[Date "2013.04.28"]
[Round "7"]
[White "Pawelec, Bartosz"]
[Black "Suder, Ryszard"]
[Result "1/2-1/2"]
[WhiteElo "2023"]
[BlackElo "2133"]
[PlyCount "64"]
[EventDate "2013.04.22"]
[EventType "tourn"]
[EventRounds "1"]
[EventCountry "POL"]
[SourceDate "2013.04.22"]

1. e4 d6 2. d4 Nf6 3. Nc3 g6 4. f4 Bg7 5. Nf3 O-O 6. e5 dxe5 7. dxe5 Qxd1+ 8.
Kxd1 Nh5 9. Bd3 Rd8 10. Ke2 Bg4 11. Be4 Nc6 12. Bxc6 bxc6 13. Be3 f6 14. exf6
Nxf6 15. h3 Bxf3+ 16. Kxf3 Nd5 17. Nxd5 cxd5 18. Bc5 e5 19. fxe5 Bxe5 20. Rab1
Bd6 21. Bxd6 Rxd6 22. Ke3 Re8+ 23. Kd2 Kf7 24. Rhf1+ Rf6 25. Rxf6+ Kxf6 26.
Rf1+ Ke6 27. Re1+ Kd7 28. Rxe8 Kxe8 29. b4 Kd7 30. Kd3 Kc6 31. c4 dxc4+ 32.
Kxc4 Kb6 1/2-1/2

[Event "Mistrzostwa Polski Niewidomych"]
[Site "Warszawa"]
[Date "2013.04.28"]
[Round "7"]
[White "Falkowski, Dawid"]
[Black "Mackowiak, Marek"]
[Result "1-0"]
[WhiteElo "1993"]
[BlackElo "2176"]
[PlyCount "107"]
[EventDate "2013.04.22"]
[EventType "tourn"]
[EventRounds "1"]
[EventCountry "POL"]
[SourceDate "2013.04.22"]

1. e4 e5 2. Nf3 Nc6 3. d4 exd4 4. Bc4 Be7 5. c3 Nf6 6. e5 Ne4 7. Bd5 Ng5 8.
Nxg5 Bxg5 9. Qh5 Qe7 10. Bxg5 Qxe5+ 11. Qe2 dxc3 12. Nxc3 O-O 13. Qxe5 Nxe5 14.
O-O-O c6 15. Bb3 d5 16. Rhe1 f6 17. Bf4 Re8 18. Kb1 Bg4 19. f3 Bf5+ 20. Bc2
Bxc2+ 21. Kxc2 Kf7 22. Ne2 g5 23. Bg3 Nc4 24. Bf2 b6 25. Nd4 Rxe1 26. Rxe1 c5
27. Nf5 Ne5 28. Bg3 Ke6 29. Nh6 Re8 30. Ng4 Kf5 31. h4 d4 32. hxg5 d3+ 33. Kc3
d2 34. Ne3+ Kxg5 35. Kxd2 Rd8+ 36. Kc3 Nc6 37. Nc2 Rd7 38. Re6 Nd8 39. Rd6 Rxd6
40. Bxd6 Kf5 41. Kc4 Ke6 42. Bc7 Nc6 43. Kb5 Kd7 44. Bf4 h5 45. Bg3 Ne7 46. Ne3
Nc6 47. Nd5 Nd4+ 48. Kc4 Ke6 49. Nf4+ Kf5 50. Nxh5 Ne2 51. Bb8 a6 52. Ng3+ Nxg3
53. Bxg3 Ke6 54. Bc7 1-0

[Event "Mistrzostwa Polski Niewidomych"]
[Site "Warszawa"]
[Date "2013.04.28"]
[Round "7"]
[White "Dukaczewski, Piotr"]
[Black "Sargalski, Andrzej"]
[Result "1/2-1/2"]
[WhiteElo "2251"]
[BlackElo "1907"]
[PlyCount "66"]
[EventDate "2013.04.22"]
[EventType "tourn"]
[EventRounds "1"]
[EventCountry "POL"]
[SourceDate "2013.04.22"]

1. c4 e6 2. g3 Nf6 3. Bg2 d5 4. Nf3 b6 5. cxd5 exd5 6. d4 Bd6 7. O-O O-O 8. Nc3
Bb7 9. Nh4 Qd7 10. Qc2 Re8 11. f3 Nc6 12. Rd1 h6 13. a3 Na5 14. e4 dxe4 15.
fxe4 Bf8 16. b4 Nc4 17. Qd3 b5 18. Ra2 a5 19. bxa5 Rxa5 20. a4 b4 21. Qxc4 bxc3
22. d5 Ba6 23. Qxc3 Rxa4 24. Rxa4 Qxa4 25. Rd4 Qb5 26. Nf5 Nxe4 27. Qxc7 Qe2
28. Rxe4 Rxe4 29. h4 Qd1+ 30. Kh2 Rc4 31. Qb6 Rxc1 32. Qxa6 Qg1+ 33. Kh3 Rc2
1/2-1/2

[Event "Mistrzostwa Polski Niewidomych"]
[Site "Warszawa"]
[Date "2013.04.29"]
[Round "8"]
[White "Migala, Andrzej"]
[Black "Sargalski, Andrzej"]
[Result "1/2-1/2"]
[WhiteElo "2063"]
[BlackElo "1907"]
[Annotator "Admin"]
[PlyCount "80"]
[EventDate "2013.04.22"]
[EventType "tourn"]
[EventRounds "1"]
[EventCountry "POL"]
[SourceDate "2013.04.22"]

1. e4 e5 2. Nf3 Nc6 3. Bc4 Bc5 4. c3 Nf6 5. d4 exd4 6. cxd4 Bb4+ 7. Nc3 Nxe4 8.
O-O Bxc3 9. d5 Bf6 10. Re1 O-O 11. Rxe4 Na5 12. Bd3 d6 13. Rb1 Bf5 14. Re2 Bxd3
15. Qxd3 b6 16. b4 Nb7 17. Be3 a5 18. a3 Re8 19. Rc2 axb4 20. axb4 Qd7 21. h3
h6 22. Rbc1 Rec8 23. Kh2 Nd8 24. Bd4 Bxd4 25. Nxd4 Ra7 26. Nb5 Rb7 27. Nd4 Ra7
28. Rc3 Qe7 29. f4 Qf6 30. Qe4 c5 31. Nf5 g6 32. Nxh6+ Kg7 33. Ng4 Qe7 34. Qf3
f5 35. Nf2 Qf7 36. Nd3 Rcc7 37. bxc5 bxc5 38. Nb2 Re7 39. Nc4 Rad7 40. Rb3 Re4
$11 1/2-1/2

[Event "Mistrzostwa Polski Niewidomych"]
[Site "Warszawa"]
[Date "2013.04.29"]
[Round "8"]
[White "Mackowiak, Marek"]
[Black "Dukaczewski, Piotr"]
[Result "0-1"]
[WhiteElo "2176"]
[BlackElo "2251"]
[PlyCount "23"]
[EventDate "2013.04.22"]
[EventType "tourn"]
[EventRounds "1"]
[EventCountry "POL"]
[SourceDate "2013.04.22"]

1. c4 e5 2. Nc3 Nc6 3. g3 g6 4. Bg2 Bg7 5. e3 d6 6. Nge2 Be6 7. b3 Qd7 8. h4
Nge7 9. Bb2 O-O-O 10. d4 exd4 11. Nxd4 Nxd4 12. Qxd4 0-1

[Event "Mistrzostwa Polski Niewidomych"]
[Site "Warszawa"]
[Date "2013.04.29"]
[Round "8"]
[White "Suder, Ryszard"]
[Black "Falkowski, Dawid"]
[Result "1-0"]
[WhiteElo "2133"]
[BlackElo "1993"]
[Annotator "Admin"]
[PlyCount "99"]
[EventDate "2013.04.22"]
[EventType "tourn"]
[EventRounds "1"]
[EventCountry "POL"]
[SourceDate "2013.04.22"]

1. Nf3 g6 2. d4 Bg7 3. c4 c5 4. d5 d6 5. Nc3 e5 6. e4 Ne7 7. Be2 O-O 8. O-O h6
9. Ne1 f5 10. Nd3 g5 11. Bd2 Nd7 12. a3 Nf6 13. f3 Bd7 14. Be3 Be8 15. b4 b6
16. Nf2 Qd7 17. Rb1 Bg6 18. Bd3 Nh5 19. bxc5 bxc5 20. Qa4 Qxa4 21. Nxa4 Nf4 22.
Nc3 Rfb8 23. Bc2 fxe4 24. fxe4 Nc8 25. g3 Nh5 26. Bd3 Nf6 27. Rfe1 Rb6 28. Rb5
Be8 29. Rxb6 Nxb6 30. Rb1 Rb8 $11 31. Kf1 Nfd7 32. Ke2 Nc8 33. Rxb8 Nxb8 34.
Bc2 Kf7 35. Kd3 Bd7 36. Ba4 Ke7 37. Bxd7 Nxd7 38. Bd2 Kf7 39. Ncd1 Bf6 40. Ne3
Bd8 41. Nf5 Kg6 42. Nd1 h5 43. h3 Kf6 44. Nc3 a6 45. Ne2 Kg6 46. Nc1 Nf6 47.
Nb3 Bc7 48. Ba5 Bxa5 49. Nxa5 Ng8 50. Nb7 1-0

[Event "Mistrzostwa Polski Niewidomych"]
[Site "Warszawa"]
[Date "2013.04.29"]
[Round "8"]
[White "Zoltek, Tadeusz"]
[Black "Pawelec, Bartosz"]
[Result "1-0"]
[WhiteElo "2183"]
[BlackElo "2023"]
[PlyCount "113"]
[EventDate "2013.04.22"]
[EventType "tourn"]
[EventRounds "1"]
[EventCountry "POL"]
[SourceDate "2013.04.22"]

1. Nf3 d5 2. d4 Nf6 3. c4 c6 4. Nc3 e6 5. e3 Nbd7 6. Qc2 Bd6 7. b3 O-O 8. Bb2
Qa5 9. Bd3 e5 10. cxd5 cxd5 11. dxe5 Nxe5 12. Nxe5 Bxe5 13. O-O h6 14. Ne2 Bxb2
15. Qxb2 Bd7 16. b4 Qc7 17. Rac1 Qd6 18. Qd4 Rfe8 19. Ng3 Qe5 20. Qxe5 Rxe5 21.
Rc5 Ree8 22. Ne2 Rec8 23. Rfc1 Rxc5 24. Rxc5 Rc8 25. Rxc8+ Bxc8 26. Nd4 Ne8 27.
Kf1 Kf8 28. Ke2 Ke7 29. Kd2 g6 30. Kc3 Nc7 31. Nb5 Nxb5+ 32. Bxb5 Kd6 33. Kd4
f5 34. Be8 g5 35. f4 b6 36. h3 gxf4 37. exf4 Be6 38. Bh5 Bg8 39. Bf3 Bf7 40. g4
fxg4 41. hxg4 Be6 42. g5 hxg5 43. fxg5 Bf7 44. b5 Bg8 45. a3 Bf7 46. Be2 Bg8
47. Bd3 Ke6 48. Bg6 Kd6 49. Bf5 Ke7 50. Ke5 Kf8 51. Bc2 Kg7 52. Bb3 Bh7 53. Kd4
Bf5 54. Bxd5 Kg6 55. Be4 Kxg5 56. Bxf5 Kxf5 57. Kd5 1-0

[Event "Mistrzostwa Polski Niewidomych"]
[Site "Warszawa"]
[Date "2013.04.29"]
[Round "8"]
[White "Stachanczyk, Jacek"]
[Black "Kulpinski, Piotr"]
[Result "1-0"]
[WhiteElo "2241"]
[BlackElo "2004"]
[PlyCount "61"]
[EventDate "2013.04.22"]
[EventType "tourn"]
[EventRounds "1"]
[EventCountry "POL"]
[SourceDate "2013.04.22"]

1. e4 e5 2. Nf3 Nc6 3. Bb5 Nf6 4. d3 d6 5. O-O Be7 6. c3 Bd7 7. Nbd2 Na5 8.
Bxd7+ Nxd7 9. d4 c5 10. b4 cxb4 11. cxb4 Nc6 12. Nc4 b5 13. Ne3 Nxd4 14. Nxd4
exd4 15. Nf5 g6 16. Nxe7 Qxe7 17. Bh6 f6 18. f4 Kf7 19. Qxd4 Nb6 20. Rae1 Rhd8
21. Qf2 Nc4 22. e5 Re8 23. exf6 Qc7 24. Re7+ Rxe7 25. fxe7 Qb6 26. Bg5 Rc8 27.
f5 gxf5 28. Qxb6 Nxb6 29. Rxf5+ Ke6 30. Rf8 Kd7 31. Rd8+ 1-0

[Event "Mistrzostwa Polski Niewidomych"]
[Site "Warszawa"]
[Date "2013.04.29"]
[Round "8"]
[White "Wojcieszyn, Zdzislaw"]
[Black "Gunajew, Rafal"]
[Result "0-1"]
[WhiteElo "1995"]
[BlackElo "2280"]
[PlyCount "76"]
[EventDate "2013.04.22"]
[EventType "tourn"]
[EventRounds "1"]
[EventCountry "POL"]
[SourceDate "2013.04.22"]

1. d4 Nf6 2. Nf3 e6 3. c4 b6 4. g3 Ba6 5. Qc2 c5 6. Bg2 Nc6 7. dxc5 bxc5 8. O-O
Qb6 9. b3 Be7 10. Nc3 O-O 11. Rd1 Rad8 12. e4 d6 13. Bb2 Bb7 14. Qe2 Ba8 15.
Na4 Qb7 16. e5 Nxe5 17. Bxe5 dxe5 18. Qxe5 Nd7 19. Qe3 Bf6 20. Rac1 Bd4 21. Qe2
e5 22. Ne1 Qa6 23. Bxa8 Rxa8 24. Nd3 f5 25. Kg2 Qc6+ 26. f3 Rae8 27. Nc3 Nf6
28. Nf2 Ng4 29. Nxg4 fxg4 30. Qe4 gxf3+ 31. Kh1 Qh6 32. h4 Qe6 33. Qd5 e4 34.
Nb5 Qxd5 35. cxd5 e3 36. Rxd4 cxd4 37. Nxd4 Re5 38. Rc5 f2 0-1